<?xml version="1.0" encoding="UTF-8"?>
<marc:record xmlns:marc="http://www.loc.gov/MARC21/slim">
   <marc:leader>00000nam a2200000 a 4500</marc:leader>
   <marc:datafield ind1="1" ind2=" " tag="100">
      <marc:subfield code="a">Regensburger, Annemarie</marc:subfield>
      <marc:subfield code="4">aut</marc:subfield>
      <marc:subfield code="e">Verfasser/-in</marc:subfield>
   </marc:datafield>
   <marc:datafield ind1=" " ind2=" " tag="653">
      <marc:subfield code="a">Autobiografie</marc:subfield>
   </marc:datafield>
   <marc:datafield ind1=" " ind2=" " tag="653">
      <marc:subfield code="a">Autobiographie</marc:subfield>
   </marc:datafield>
   <marc:datafield ind1=" " ind2=" " tag="653">
      <marc:subfield code="a">Gewachsen</marc:subfield>
   </marc:datafield>
   <marc:datafield ind1=" " ind2=" " tag="653">
      <marc:subfield code="a">Schatten</marc:subfield>
   </marc:datafield>
   <marc:datafield ind1=" " ind2=" " tag="653">
      <marc:subfield code="a">Wahre Geschichte</marc:subfield>
   </marc:datafield>
   <marc:datafield ind1=" " ind2=" " tag="653">
      <marc:subfield code="a">Befreiung</marc:subfield>
   </marc:datafield>
   <marc:datafield ind1=" " ind2=" " tag="653">
      <marc:subfield code="a">Stift Stams</marc:subfield>
   </marc:datafield>
   <marc:datafield ind1=" " ind2=" " tag="653">
      <marc:subfield code="a">Stams</marc:subfield>
   </marc:datafield>
   <marc:datafield ind1=" " ind2=" " tag="653">
      <marc:subfield code="a">Frauenleben</marc:subfield>
   </marc:datafield>
   <marc:datafield ind1=" " ind2=" " tag="653">
      <marc:subfield code="a">Tirol</marc:subfield>
   </marc:datafield>
   <marc:datafield ind1=" " ind2=" " tag="653">
      <marc:subfield code="a">Tirolerin</marc:subfield>
   </marc:datafield>
   <marc:datafield ind1=" " ind2=" " tag="653">
      <marc:subfield code="a">Selbstbefreiung</marc:subfield>
   </marc:datafield>
   <marc:datafield ind1=" " ind2=" " tag="653">
      <marc:subfield code="a">Wahre Geschichte Befreiung Autobiografie Stift Stams Stams Frauenleben Tirol Tirolerin Selbstbefreiung</marc:subfield>
   </marc:datafield>
   <marc:datafield ind1="0" ind2="0" tag="245">
      <marc:subfield code="a">Gewachsen im Schatten</marc:subfield>
   </marc:datafield>
   <marc:datafield ind1="0" ind2="0" tag="245">
      <marc:subfield code="b">Geschichte einer Befreiung</marc:subfield>
   </marc:datafield>
   <marc:datafield ind1="0" ind2="0" tag="245">
      <marc:subfield code="c">Regensburger, Annemarie</marc:subfield>
   </marc:datafield>
   <marc:datafield ind1=" " ind2="1" tag="264">
      <marc:subfield code="a">Innsbruck</marc:subfield>
      <marc:subfield code="b">Tyrolia-Verl.</marc:subfield>
      <marc:subfield code="c">2013</marc:subfield>
   </marc:datafield>
   <marc:datafield ind1="1" ind2=" " tag="520">
      <marc:subfield code="a">Weithin sichtbar dominiert das barocke Stift mit den markanten Zwiebeltürmen und der Reiterstatue Meinhards II. auf dem Dachgiebel das kleine Oberländer Dorf, in welches das Kind Annemarie 1948 hineingeboren wird. Es sind ärmliche Verhältnisse, die dort herrschen, geprägt von den Traumata der Nazizeit, welche die Autorin in Anlehnung an einen Text von Hubert Gundolf eindrücklich schildert, geprägt vom ländlichen Alltag, von einem starken Katholizismus und einem sehr traditionellen Frauenbild.&#xD;
Hin- und hergerissen zwischen Faszination und  Schrecken für dieses teils beschützte, teils einengende und ausgrenzende Kleinklima wächst sie heran und ringt mit den Schicksalsschlägen, die das Leben ihr bereitet: dem frühe Tod der Mutter, der Aufteilung der Kinder auf Pflegefamilien, den Geldsorgen, die ihren eigenen Träumen und Wünschen im Wege stehen, vor allem aber mit der schweren psychischen Erkrankung des Vaters und seinen Aufenthalten im Haller Krankenhaus, die praktisch den Rahmen bilden für dieses literarische Sittenbild aus einem Tirol des vorigen Jahrhunderts. &#xD;
Bekannt und gewürdigt für ihre kritische Mundartdichtung findet Annemarie Regensburger auch in diesen berührenden autobiografischen Erinnerungen eine unmittelbare, vom Dialekt geprägte und doch sehr klangvolle Sprache, um auf ein entbehrungsreiches Leben zurückzublicken und gegen Sprachlosigkeit, gesellschaftliche Missstände und überkommene Moralvorstellungen das Wort zu erheben.</marc:subfield>
   </marc:datafield>
   <marc:datafield ind1=" " ind2=" " tag="020">
      <marc:subfield code="a">9783702233013</marc:subfield>
      <marc:subfield code="9">9783702233013</marc:subfield>
   </marc:datafield>
   <marc:datafield ind1=" " ind2=" " tag="020">
      <marc:subfield code="a">3702233016</marc:subfield>
      <marc:subfield code="9">3702233016</marc:subfield>
   </marc:datafield>
   <marc:datafield ind1=" " ind2=" " tag="041">
      <marc:subfield code="a">ger</marc:subfield>
   </marc:datafield>
   <marc:datafield ind1=" " ind2=" " tag="338">
      <marc:subfield code="a">Band</marc:subfield>
   </marc:datafield>
   <marc:datafield ind1=" " ind2=" " tag="300">
      <marc:subfield code="a">222 S.</marc:subfield>
   </marc:datafield>
</marc:record>
